| 000 | 01084nam a2200289 i 4500 | ||
|---|---|---|---|
| 001 | bg | ||
| 003 | KOSZ 005 | ||
| 005 | 20220708143111.0 | ||
| 008 | 080401s1961 pl ab g 001 0 pol | ||
| 015 | _aPB 1961/715 | ||
| 040 |
_aWA N _cKOSZ 005/RW _dKOSZ 005/RW |
||
| 080 | _a914 | ||
| 100 | 1 |
_aFleszar, Mieczysław _d(1915-1973). _eAutor |
|
| 245 | 1 | 0 |
_aEuropa / _cMieczysław Fleszar ; [mapy: Lech Ratajski ; przedm. S. Leszczycki]. |
| 260 |
_aWarszawa : _b"Wiedza Powszechna", _c1961. |
||
| 300 |
_a262, [2] s. : _bil., err. ; _c20 cm. |
||
| 380 | _aKsiążki. | ||
| 490 | 1 | _aWydawnictwa Popularno-Encyklopedyczne. | |
| 504 | _aIndeks. | ||
| 651 | 4 |
_aEuropa _xgeografia. |
|
| 700 | 1 |
_aRatajski, Lech _d(1921-1977). _eAutor |
|
| 700 | 1 |
_aLeszczycki, Stanisław _d(1907-1996). _ePrzedmowa |
|
| 710 | 2 |
_aPaństwowe Wydawnictwo Wiedza Powszechna _4pbl. |
|
| 856 |
_uhttp://koha.tu.koszalin.pl/cgi-bin/koha/opac-detail.pl?biblionumber=11046 _yKatalog online BPK |
||
| 830 | 0 | _aWydawnictwa Popularno-Encyklopedyczne | |
| 942 |
_2UKD _cKS |
||
| 999 |
_c11046 _d11046 |
||